A woman in her prime / (Record no. 7238)
[ view plain ]
| 000 -LEADER | |
|---|---|
| fixed length control field | 00697nam a2200265 a 4500 |
| 001 - CONTROL NUMBER | |
| JCCL Control Number | 7238 |
| 003 - CONTROL NUMBER IDENTIFIER | |
| JCCL marc code | BD-JhCC |
| 005 - DATE AND TIME OF LATEST TRANSACTION | |
| control field | 20180421131545.0 |
| 008 - FIXED-LENGTH DATA ELEMENTS--GENERAL INFORMATION | |
| fixed length control field | 180206s1967 enk 000 1 eng d |
| 035 ## - SYSTEM CONTROL NUMBER | |
| system control number | (BD-JhCC)7238 |
| 035 ## - SYSTEM CONTROL NUMBER | |
| system control number | 2079807 |
| 040 ## - CATALOGING SOURCE | |
| Original cataloging agency | BD-JhCC |
| Transcribing agency | LC |
| Modifying agency | BD-JhCC |
| 041 ## - LANGUAGE CODE | |
| Language code of Book | eng |
| 050 00 - LIBRARY OF CONGRESS CALL NUMBER | |
| Classification number | PZ4.K818 |
| Item number | Wo |
| 082 ## - DEWEY DECIMAL CLASSIFICATION NUMBER | |
| Classification number | 823.91 |
| Author mark and Year | KON 1967 |
| 100 1# - MAIN ENTRY--PERSONAL NAME | |
| Personal name | Konadu, Asare, |
| Dates associated with a name | 1932- |
| 245 12 - TITLE STATEMENT | |
| Title | A woman in her prime / |
| Statement of responsibility, etc | [by] S. A. Konadu. |
| 260 ## - PUBLICATION, DISTRIBUTION, ETC. (IMPRINT) | |
| Place of publication, distribution, etc | London, |
| Name of publisher, distributor, etc | Heinemann, |
| Date of publication, distribution, etc | 1967. |
| 300 ## - PHYSICAL DESCRIPTION | |
| Pagination | [5], 108 p. |
| Dimensions | 19 cm. |
| 490 1# - SERIES STATEMENT | |
| Series statement | African writers series ; |
| Volume number/sequential designation | 40 |
| 650 ## - SUBJECT ADDED ENTRY--TOPICAL TERM | |
| Topical term or geographic name as entry element | Ghanaiam Fiction |
| 830 #0 - SERIES ADDED ENTRY--UNIFORM TITLE | |
| Uniform title | African writers series ; |
| Volume number/sequential designation | 40. |
| 942 ## - ADDED ENTRY ELEMENTS (KOHA) | |
| Source of classification or shelving scheme | Dewey Decimal Classification |
| Koha item type | Books |
| Source of classification or shelving scheme | Damaged status | Not for loan | Home library | Current library | Shelving location | Total Checkouts | Full call number | Barcode | Date last seen | Copy number | Koha item type |
|---|---|---|---|---|---|---|---|---|---|---|---|
| Dewey Decimal Classification | JCC Rouf Library | JCC Rouf Library | General Stacks | 823.91 KON 1967 | 9569 | 02/06/2018 | C - 1 | Books |